Statistiques concernant Fruits

Cliquez ici pour prendre le quiz!

Statistiques générales

  • Ce quiz a été pris 106 fois
    (61 depuis la dernière actualisation)
  • Le résultat moyen est 30 sur 68

Statistiques - réponses

Réponse% Correct
fraise
96%
Poire
96%
Pomme
96%
orange
94%
framboise
90%
banane
88%
pêche
88%
abricot
81%
ananas
79%
Cerise
79%
clémentine
79%
mandarine
79%
kiwi
75%
mangue
75%
mure
75%
melon
73%
citron
71%
pamplemousse
67%
pastèque
67%
litchi
65%
myrtille
63%
prune
63%
noix
60%
Raisin
60%
nectarine
58%
groseille
56%
noix de coco
52%
avocat
50%
datte
50%
figue
50%
kaki
50%
fruit du dragon
48%
noisette
48%
papaye
48%
goyave
44%
grenade
44%
cassis
38%
noix de cajou
37%
mirabelle
35%
passion
35%
brugnon
25%
citron vert
25%
coing
25%
kumquat
25%
marron
25%
châtaigne
23%
cacahuète
21%
pistache
21%
cacao
19%
carambole
19%
cranberry
17%
noix de pécan
15%
airelle
12%
bergamote
12%
noix de macadamia
12%
pomelos
12%
quetsch
10%
amende
8%
café
8%
griotte
8%
fraise des bois
6%
physalis
6%
cédrat
4%
combava
4%
pêche de vigne
2%
sureau
2%
minéola
0%
plantain
0%

Distribution des résultats

Percentile par nombre de réponses

% des personnes avec chaque résultat

Votre développement - résultats

Vous n’avez pas pris ce quiz depuis la dernière actualisation